Vrai ou faux drapeau ? - Statistiques

Statistiques générales
  • Ce quiz a été pris 91 fois
  • Le résultat moyen est 13 sur 15
Statistiques - réponses
Question Réponse % Correct
Quel drapeau est faux ?
100%
Quel drapeau est faux ?
100%
Quel drapeau est faux ?
95%
Quel drapeau est faux ?
94%
Quel drapeau est faux ?
94%
Quel drapeau est faux ?
93%
Quel drapeau est faux ?
90%
Quel drapeau est faux ?
90%
Quel drapeau est faux ?
89%
Quel drapeau est faux ?
89%
Quel drapeau est faux ?
88%
Quel drapeau est faux ?
87%
Quel drapeau est faux ?
73%
Quel drapeau est faux ?
66%
Quel drapeau est faux ?
59%
Aucun quiz correspondant
Distribution des résultats
% des personnes avec chaque résultat
Percentile par nombre de réponses
Votre historique - résultats
Vous n’avez pas pris ce quiz